Top 100 Baby Boy Names of the 2010's - Statistics

General Stats
  • This quiz has been taken 1,226 times
    994 since last reset
  • The average score is 59 of 100
Answer Stats
Rank Hint Answer % Correct
4 W William
96%
26 J John
93%
9 J James
91%
2 L Liam
91%
1 N Noah
91%
40 J Jack
90%
7 M Michael
89%
16 M Matthew
87%
3 J Jacob
86%
12 D Daniel
85%
18 D David
84%
8 A Alexander
83%
11 B Benjamin
82%
6 E Ethan
82%
69 J Jose
82%
19 J Jackson
80%
52 J Jaxon
80%
93 J Jaxson
80%
17 L Lucas
80%
32 L Luke
80%
51 E Eli
79%
36 N Nathan
79%
25 A Andrew
78%
33 H Henry
78%
28 O Oliver
78%
22 S Samuel
78%
20 J Joseph
77%
50 T Thomas
77%
5 M Mason
76%
27 C Christopher
75%
23 J Joshua
75%
49 C Charles
74%
10 E Elijah
74%
54 N Nicholas
74%
31 I Isaac
71%
35 R Ryan
71%
76 Z Zachary
70%
77 A Adam
69%
79 J Jason
69%
13 A Aiden
68%
82 A Ayden
68%
64 R Robert
67%
21 A Anthony
66%
42 J Jonathan
66%
91 L Leo
66%
90 J Justin
65%
48 A Aaron
64%
61 J Jordan
63%
14 L Logan
63%
34 O Owen
63%
85 X Xavier
61%
29 D Dylan
59%
15 J Jayden
59%
71 B Brandon
58%
41 C Christian
58%
72 I Ian
57%
43 J Julian
57%
66 T Tyler
57%
60 E Evan
56%
75 K Kevin
55%
94 N Nathaniel
55%
30 C Carter
54%
46 I Isaiah
54%
53 C Connor
53%
24 G Gabriel
53%
38 S Sebastian
53%
39 C Caleb
49%
37 W Wyatt
49%
55 J Jeremiah
46%
57 C Cameron
45%
45 L Levi
45%
47 H Hunter
44%
97 T Theodore
42%
67 A Austin
41%
58 A Adrian
40%
44 L Landon
40%
56 H Grayson
38%
87 C Carson
37%
84 P Parker
37%
83 C Cooper
35%
62 J Josiah
35%
96 E Elias
34%
78 M Mateo
34%
81 N Nolan
34%
86 A Asher
33%
95 B Blake
32%
59 B Brayden
32%
65 G Gavin
32%
80 C Chase
31%
98 K Kayden
29%
70 D Dominic
28%
74 H Hudson
28%
73 L Lincoln
28%
68 C Colton
27%
100 T Tristan
27%
63 A Angel
23%
88 J Jace
20%
99 L Luis
20%
92 B Bentley
14%
89 E Easton
14%
No matching quizzes found
Score Distribution
Percent of People with Each Score
Percentile by Number Answered
Your Score History
You have not taken this quiz since the last reset